000 00798nab a2200241 u 4500
001 18684
003 HDC
007 cr bn ---aaaaa
008 210227c |r|noo 0 a d
040 _aHDC
245 0 _a"WE AIM TO BE INNOVATIVE AND DIVERSIFIED FOOD CONGLOMERATE"
260 _a[No place] :
_b[publisher not identified],
_c2016
336 _atext
_2rdacontent
337 _acomputer
_2rdamedia
338 _aonline resource
_2rdacarrier
650 _aFood industry
_9536
650 _aIndian food industry
_917454
710 _aFMT MAGAZINE
856 _zRequest full-text at [email protected]
942 _2lcc
942 _cNEWS
942 _kNWSO 009622
999 _c16000
_d16000